00674nam a2200229 i 4500003000900000005001700009007000300026008004100029040003000070041000800100082002200108100003900130110000300169245006100172264004500233300002800278336002700306337003300333338002800366650002400394650002600418DO-SdBNP20250623135459.0ta250623s1989 dr 000 0 spa d aDO-SdBNPbspacBNPHUerda hspa a861.44bT796p2221 aTrespalacios, Ramóneautor4aut. 10aPáginas... del libro del dolor /cRamón Trespalacios 1aSanto Domingo :bEditora Corripio,c1989 a108 páginas ;c24 cm. atextobtxt2rdacontent asin mediaciónbn2rdamedia avolumenbnc2rdacarrier 4aPoesía dominicana 4aLiteratura dominicana